The Routledge companion to theatre and performance / (Record no. 19638)
[ view plain ]
| 000 -LEADER | |
|---|---|
| fixed length control field | 02667cam a2200325 i 4500 |
| 001 - CONTROL NUMBER | |
| control field | 17977868 |
| 003 - CONTROL NUMBER IDENTIFIER | |
| control field | EG-ScBUE |
| 005 - DATE AND TIME OF LATEST TRANSACTION | |
| control field | 20230328093726.0 |
| 008 - FIXED-LENGTH DATA ELEMENTS--GENERAL INFORMATION | |
| fixed length control field | 131220s2014 enka f b 001 0deng d |
| 020 ## - INTERNATIONAL STANDARD BOOK NUMBER | |
| International Standard Book Number | 9780415636315 (pbk) |
| 040 ## - CATALOGING SOURCE | |
| Original cataloging agency | DLC |
| Language of cataloging | eng |
| Description conventions | rda |
| Transcribing agency | DLC |
| Modifying agency | EG-ScBUE |
| 082 04 - DEWEY DECIMAL CLASSIFICATION NUMBER | |
| Classification number | 791.03 |
| Edition number | 22 |
| Item number | ALL |
| 100 1# - MAIN ENTRY--PERSONAL NAME | |
| Personal name | Allain, Paul, |
| Relator term | author. |
| 9 (RLIN) | 38342 |
| 245 14 - TITLE STATEMENT | |
| Title | The Routledge companion to theatre and performance / |
| Statement of responsibility, etc | Paul Allain and Jen Harvie. |
| 250 ## - EDITION STATEMENT | |
| Edition statement | Second edition. |
| 264 #1 - PUBLICATION, DISTRIBUTION, ETC. (IMPRINT) | |
| Place of publication, distribution, etc | London ; |
| -- | New York : |
| Name of publisher, distributor, etc | Routledge / Taylor & Francis Group, |
| Date of publication, distribution, etc | 2014. |
| 300 ## - PHYSICAL DESCRIPTION | |
| Extent | xiii, 300 pages : |
| Other physical details | illustrations ; |
| Dimensions | 24 cm. |
| 336 ## - CONTENT TYPE | |
| Source | rdacontent |
| Content type term | text |
| Content type code | txt |
| 337 ## - MEDIA TYPE | |
| Source | rdamedia |
| Media type term | unmediated |
| Media type code | n |
| 338 ## - CARRIER TYPE | |
| Source | rdacarrier |
| Carrier type term | volume |
| Carrier type code | nc |
| 490 0# - SERIES STATEMENT | |
| Series statement | Routledge companions |
| 504 ## - BIBLIOGRAPHY, ETC. NOTE | |
| Bibliography, etc | Includes bibliographical references and index.<br/> |
| 520 ## - SUMMARY, ETC. | |
| Summary, etc | "What is theatre? What is performance? What connects them and how are they different? How have they been shaped by events, people, companies, practices and ideas in the twentieth century and after? And where are they heading next? The Routledge Companion to Theatre and Performance offers some answers to these big questions. It provides an accessible, informative and engaging intro- duction to important people and companies, events, concepts and practices that have def ined the complementary fields of theatre and performance studies. Three easy-to-use alphabetized sections include more than 140 entries on topics and people ranging from performance artist Marina Abramovito directors Vsevolod Meyerhold and Robert Wilson, the Living Theatre's Paradise Now, the haka, multimedia performance, political protest and visual theatre. Each entry includes important historical and contextual information, extensive cross-referencing, detailed analysis and an annotated bibliography. The Routledge Companion to Theatre and Performance is a perfect reference guide for the keen student and the passionate theatre-goer alike. Paul Allain, Professor of Theatre and Performance at the University of Kent, has published extensively on Jerzy Grotowski, Polish and Russian theatre and intercultural performer training processes. Jen Harvie, Professor of Contemporary Theatre and Performance at Queen Mary, University of London, has published widely on relationships between contemporary performance and cultural identities, including in Theatre & the City (2009) and Fair Play - Art, Performance and Neoliberalism (2013)"-- |
| 650 #7 - SUBJECT ADDED ENTRY--TOPICAL TERM | |
| Topical term or geographic name as entry element | Performing arts |
| Form subdivision | Biography. |
| Source of heading or term | BUEsh |
| 651 ## - SUBJECT ADDED ENTRY--GEOGRAPHIC NAME | |
| Source of heading or term | BUEsh |
| 653 ## - INDEX TERM--UNCONTROLLED | |
| Resource For college | Communication and mass media |
| Arrived date list | June2015 |
| -- | August2015 |
| 655 ## - INDEX TERM--GENRE/FORM | |
| Form subdivision | Reading book |
| 700 1# - ADDED ENTRY--PERSONAL NAME | |
| Personal name | Harvie, Jen, |
| Relator term | author. |
| 942 ## - ADDED ENTRY ELEMENTS (KOHA) | |
| Source of classification or shelving scheme | Dewey Decimal Classification |
| Koha item type | Book - Borrowing |
| Withdrawn status | Lost status | Source of classification or shelving scheme | Damaged status | Not for loan | Collection code | Home library | Current library | Shelving location | Date acquired | Source of acquisition | Cost, normal purchase price | Serial Enumeration / chronology | Total Checkouts | Full call number | Barcode | Date last seen | Date checked out | Cost, replacement price | Koha item type |
|---|---|---|---|---|---|---|---|---|---|---|---|---|---|---|---|---|---|---|---|
| Dewey Decimal Classification | Alahram | Central Library | Central Library | Second Floor | 15/06/2015 | 288.00 | 314 | 1 | 791.03 ALL | 000038753 | 15/07/2025 | 08/05/2018 | 360.00 | Book - Borrowing |